| 000 | 00811nam a2200241Ia 4500 | ||
|---|---|---|---|
| 005 | 20230705095957.0 | ||
| 008 | 210716s2009 xx 000 0 und d | ||
| 020 | _a9788131726082 | ||
| 040 | _cAIMIT LIBRARY | ||
| 041 | _aeng | ||
| 082 |
_a004.65 _22 _bDUCM |
||
| 100 |
_aDuck, Michael. _9125545 |
||
| 245 |
_aData communications and computer networks: _bfor computer scientists and engineers / _cBy Michael Duck and Richard Read. |
||
| 250 | _a2nd ed. | ||
| 260 |
_aNew Delhi : _bPearson Education , _c2009. |
||
| 300 |
_axx,415p. ; _bPB _c24 cm. |
||
| 650 |
_aInformation theory _9125546 |
||
| 650 |
_aPacket switched and farms relay networks _9125547 |
||
| 650 |
_aAsynchronous transfer mode _9125548 |
||
| 650 |
_aNetwork management _9125549 |
||
| 700 |
_aRead, Richard. _9125550 |
||
| 942 |
_2ddc _cBK |
||
| 999 |
_c189799 _d189799 |
||